Actual legislación del tránsito: delitos y penas
Wedi'i Gadw mewn:
| Prif Awduron: | , |
|---|---|
| Fformat: | Llyfr |
| Iaith: | Sbaeneg |
| Cyhoeddwyd: |
Concepción
Samver
1969
|
| Pynciau: | |
| Tagiau: |
Ychwanegu Tag
Dim Tagiau, Byddwch y cyntaf i dagio'r cofnod hwn!
|
MARC
| LEADER | 00000nam a2200000 a 4500 | ||
|---|---|---|---|
| 001 | UCS2657 | ||
| 003 | CL-VaPUC | ||
| 008 | 970604e19690000CL |||||||||||||||||spa|d | ||
| 082 | 0 | 4 | |a 343.094 |b CAS |2 21 |
| 100 | 0 | |a Castillo Maurelia, Demetrio L |e author |9 388328 | |
| 700 | 0 | |a Argomedo Albarracín, Sergio E |e author |9 388329 | |
| 245 | 1 | 0 | |a Actual legislación del tránsito: delitos y penas |
| 300 | |a 230 p | ||
| 942 | |c BK | ||
| 945 | |d 19970604 00:00:00 |a paguirre | ||
| 260 | |a Concepción |b Samver |c 1969 | ||
| 650 | 7 | |a TRANSITO |2 CL-VaPUC |9 388330 | |
| 650 | 7 | |a LEGISLACION |2 CL-VaPUC |9 388331 | |
| 650 | 7 | |a ORDENANZA DEL TRANSITO |2 CL-VaPUC |9 384968 | |
| 650 | 7 | |a DELITOS DE TRANSITO |2 CL-VaPUC |9 383158 | |
| 651 | 7 | |a CHILE |2 CL-VaPUC |9 388332 | |
| 583 | |a last modification |c 19970604 00:00:00 |k Rodrigo Vera | ||
| 999 | |c 260598 |d 260596 | ||
| 952 | |0 0 |1 0 |4 0 |6 343_094000000000000_CAS_1969 |7 0 |8 A |9 286828 |a BIBDER |b BIBDER |d 2019-11-19 |i 1860917 |o 343.094 CAS 1969 |p 1860917 |r 2023-01-25 |w 2019-11-19 |y BK |k DER | ||